| 000 | 02090nam a22004937a 4500 | ||
|---|---|---|---|
| 003 | CHAP | ||
| 005 | 20220817040915.0 | ||
| 008 | 971013s1991 r 00010 d | ||
| 010 | _a2511 | ||
| 011 | _a3483 | ||
| 035 | _a2683 | ||
| 040 | _cCHAP | ||
| 082 |
_a633 _bM38 |
||
| 100 | 0 | 0 |
_aMazcorro Velarde, Elvira. _973316 |
| 245 | _aProducción agropecuaria en la Comarca Lagunera (1960-1990) | ||
| 260 |
_aChapingo, Méx. : _bUACH. Unidad Regional Universitaria de Zonas Aridas, _c1991 |
||
| 300 | _ac.a. 300 p | ||
| 500 | _aD46-48 | ||
| 590 |
_aBATCH-UPD _b10 _c20130110 _lUCH01 _h1122 |
||
| 590 |
_aBATCH-UPD _b10 _c20130410 _lUCH01 _h0712 |
||
| 590 |
_aBATCH-UPD _b10 _c20130914 _lUCH01 _h0054 |
||
| 590 |
_aCONVERSION _b10 _c20130109 _lUCH01 _h1303 |
||
| 650 | 1 | 4 |
_aAgricultura _xComarca Lagunera. _91371 |
| 650 | 1 | 4 |
_aAgricultura _xComarca Lagunera. _91371 |
| 650 | 1 | 4 |
_aCultivos _xComarca Lagunera. _930242 |
| 650 | 1 | 4 |
_aCultivos _xRendimiento. _930318 |
| 650 | 1 | 4 |
_aGanadería _xComarca Lagunera. _944676 |
| 710 | 0 | _aUACH. Departamento de Zonas Aridas. | |
| 901 | _aBK | ||
| 942 | _cLIBRO | ||
| 949 |
_a633 M38 _bBC _cLIBRO _d33724000188991 _eLIBRO _fc.2 _h81665 _i2683 _si _t20.00 |
||
| 949 |
_a633 M38 _bBC _cLIBRO _d33724000189007 _eLIBRO _fc.3 _h81664 _i2683 _si _t20.00 |
||
| 949 |
_a633 M38 _bBC _cLIBRO _d33724000189015 _eLIBRO _fc.4 _h81661 _i2683 _si _t20.00 |
||
| 949 |
_a633 M38 _bBC _cLIBRO _d33724000189023 _eLIBRO _fc.5 _h81663 _i2683 _si _t20.00 |
||
| 949 |
_a633 M38 _bBC _cLIBRO _d33724000189031 _eLIBRO _fc.6 _h81662 _i2683 _si _t20.00 |
||
| 949 |
_a633 M38 _bBC _cLIBRO _d33724000189049 _eLIBRO _gI.c/e _h81016 _i2683 _si _t20.00 |
||
| 949 |
_a633 M38 _bBC _cUACH _d33724000189056 _eUACH _fc.7 _h81661 _i2683 _si _t20.00 |
||
| 949 |
_a633 M38 _bCIESTAM _cLIBRO _d26831 _eLIBRO _h148 _i2683 _sb |
||
| 949 |
_a633 M38 _bF _cLIBRO _d-61623 _eLIBRO _fc.2 _h2949 _i2683 _si |
||
| 949 |
_a633 M38 _bF _cLIBRO _d-6861 _eLIBRO _h2948 _i2683 _si |
||
| 949 |
_a633 M38 _bS _cLIBRO _d-66760 _eLIBRO _fc.2 _h3852 _i2683 _si |
||
| 949 |
_a633 M38 _bS _cLIBRO _d-7719 _eLIBRO _h3826 _i2683 _si |
||
| 949 |
_a633 M38 _bZA _cLIBRO _d-8609 _eLIBRO _h6277 _i2683 _si |
||
| 999 |
_c2511 _d2511 |
||